| 000 | 01002nam a2200289 4500 | ||
|---|---|---|---|
| 003 | EG-GICUC | ||
| 005 | 20260312105724.0 | ||
| 008 | 260312s1915 ua ||||fr|||| 00| 0 fre d | ||
| 040 |
_aEG-GICUC _cEG-GICUC _dEG-GICUC _erda _bfre |
||
| 082 | 0 | 4 |
_221 _a341.6 _bMI . R |
| 092 | 0 | 4 | _221 |
| 099 | _aLaw 11 341.6 MI . R 1915 | ||
| 110 |
_aMinistère des Finances _eAuteur |
||
| 245 | 1 | 0 |
_aRecueil des documents relatifs à la guerre publiés au “Journal Officiel” / _cPar Ministère des Finances |
| 264 | 1 |
_ale Caire; _bMinistère des Finances,, _c1915. |
|
| 300 |
_a325 pages _billustrations _c30 cm. _eCD. |
||
| 336 |
_atexte _2rda contenu |
||
| 337 |
_aOrdinateur _2rda medias |
||
| 338 |
_aRessource en ligne _2transporteur rda |
||
| 504 | _aBibliography: pages 200-250. 240-220 | ||
| 546 | _aTexte en français | ||
| 650 | 0 | 4 |
_2qrmak _aDroit international public |
| 651 | 1 | _2qrmak | |
| 856 | _uhttps://fll.law.cu.edu.eg/fulltext/bks/B11-08577.pdf | ||
| 905 | _a31 | ||
| 942 |
_2ddc _cBK _e21 _n0 |
||
| 999 |
_c66222 _d66222 |
||